000 00381nam a2200145Ia 4500
008 230917s9999||||xx |||||||||||||| ||und||
040 _e44653
_aMAIN
041 _aEnglish
082 _a294.6 G41H
100 _aGill, Pritam Singh
245 0 _aHeritage of Sikh culture: society morality art
260 _aJullundhar
_bNew Academic
_c1975
300 _axiv, 240 p.
942 _cBK
999 _c183859
_d183859